| 000 | 00339nam a2200109Ia 4500 | ||
|---|---|---|---|
| 008 | 171204s9999 xx 000 0 und d | ||
| 245 | _aHero of the Crossing: How Anwar Sadat and the 1973 War Changed the World: | ||
| 245 | _cThomas W. Lippman | ||
| 260 | _c2016 | ||
| 650 | _xHistory | ||
| 856 | _uhttp://down.ebook777.com/064/1612347029.pdf | ||
| 999 |
_c345528 _d345528 |
||